| 000 | 00878cam a2200241Ii 4500 | ||
|---|---|---|---|
| 020 | _a9782503549453 | ||
| 020 | _a2503549454 | ||
| 040 | _cOHX | ||
| 082 | 0 | 4 | _a133 ECO 1959 C154 Or. |
| 245 | 0 | 0 |
_aNoms barbares I : _bFormes et contextes d'une pratique magique / |
| 300 |
_a426 pages : _billustrations ; _c24 cm |
||
| 490 | 1 | _aBibliotheque de l'Ecole des hautes etudes. Section des sciences religieuses ; | |
| 500 | _aInternational conference proceedings | ||
| 500 | _aPapers presented at Michel Tardieu's seminar, Coll©·ge de France, 2006-2008, and at meetings organized by Projet CENOB (Corpus des ©♭nonc©♭s de noms barbares) | ||
| 650 | 0 | _aMagic, Ancient | |
| 650 | 0 | _aImaginary languages | |
| 650 | 0 | _aTheurgy | |
| 650 | 0 | _aIncantations | |
| 700 | 1 | _aTardieu, Michel, | |
| 700 | 1 | _aKerchove, Anna Van den, | |
| 700 | 1 | _aZago, Michela, | |
| 942 | _cAEDBB | ||
| 999 |
_c18938 _d18938 |
||